| 000 | 00887nam a2200301Ia 4500 | ||
|---|---|---|---|
| 003 | OSt | ||
| 005 | 20221006144453.0 | ||
| 006 | a|||||r|||| 00| 0 | ||
| 007 | ta | ||
| 008 | 221006b |||||||| |||| 00| 0 eng d | ||
| 020 |
_a0719400791 _c244.50 |
||
| 020 | _a9780719400797 | ||
| 024 | _a11,744 | ||
| 037 | _cTextual | ||
| 040 |
_aEASL _cEASL _beng |
||
| 041 |
_2eng _aeng |
||
| 082 | _aV1:1954,(zT).N80, M2 | ||
| 100 |
_aNEWMAN Barrie Ed. _9652085 |
||
| 245 | 0 |
_aNuclear deterrence _b Implications and policy options for the 1980s |
|
| 260 |
_aLondon _bCastle House _c1982 |
||
| 300 |
_a249p. _ccm. |
||
| 490 | _v Gen | ||
| 650 | _a Gen | ||
| 650 |
_aDeterrence - strategy - Congress _9652086 |
||
| 700 |
_a DANDO Malcolm Ed. _9514320 |
||
| 942 |
_hV1:1954,(zT).N80, M2 _cTEXL _2CC |
||
| 999 |
_c1079830 _d1079830 |
||